000 00617nam a22002177a 4500
005 20210325182730.0
008 s2003 eng d
020 _a3487117134
041 _aeng
050 _aZ801.A1 S43P 2003
100 0 _aSeefeldt, Jurgen
245 1 0 _aPortals to the past and to the future : libraries in Germany
260 3 _aHildesheim :
_bGeorge Olms Verlag,
_c2003
300 _a112 p. :
_b ill ;
_c 24 cm.
650 0 4 _aLibraries -- Germany -- History
700 0 _aSeefeldt, Jurgen
850 _aNALT
942 _cGB
997 _c000000000015302
998 _aSOPAPORN
999 _c15302
_d15302